Statistics for Smash Bros. Fighters Who Were Never Cut

Click here to take the quiz!

General Stats

  • This quiz has been taken 148 times
  • The average score is 17 of 21

Answer Stats

HintAnswer% Correct
MeleeZelda
91%
MeleeBowser
88%
MeleeMarth
88%
MeleePeach
88%
MeleeSheik
88%
MeleeGanondorf
87%
MeleeFalco
86%
BrawlToon Link
86%
BrawlMeta Knight
85%
MeleeMr. Game & Watch
84%
BrawlZero Suit Samus
84%
BrawlIke
83%
BrawlPit
83%
BrawlWario
81%
BrawlKing Dedede
80%
BrawlCharizard
78%
BrawlLucario
78%
BrawlR.O.B.
78%
BrawlSonic
78%
BrawlDiddy Kong
72%
BrawlOlimar
67%

Score Distribution

Percentile by Number Answered

Percent of People with Each Score

Your Score History

You have not taken this quiz